00444nam a2200109Ia 4500008004100000100002300041245011500064260003300179300001800212650001900230856008500249160712s9999 xx 000 0 und d ade Vera, Dennis A. cDennis A. de VeraaGrammar, Numerals, and Number Words: A Wittgensteinian Reflection on the Grammar of Numbers c2014bSocial Science Diliman avol. 10 no. 1 xSOCIAL SCIENCE uhttp://journals.upd.edu.ph/index.php/socialsciencediliman/issue/view/431/showToc